Zwischen Reval und St. Petersburg. - Weissenhorn : Konrad. - 1993 [Rezension]

Titel: Zwischen Reval und St. Petersburg. - Weissenhorn : Konrad. - 1993 [Rezension]
Verfasser:
In: Mitteilungen aus baltischem Leben, Band 42, Heft 1 (173) (1996), Seite 20-21
alle Artikel anzeigen
Veröffentlicht: 1996
Format: Aufsatz
Sprache: Deutsch
Kein Bild verfügbar
X
alg: 39515947
001A    $01999:12-11-16 
001B    $06050:21-01-26 $t15:57:03.000 
001D    $01999:12-11-16 
001U    $0utf8 
001X    $00 
002@    $0Aox 
003@    $0395159474 
007A    $0395159474 $aHEB 
007T    $0Herde14902 
010@    $ager 
011@    $a1996 
021A    $aZwischen Reval und St. Petersburg. - Weissenhorn : Konrad. -  1993 [Rezension] 
028A    $aKrupnikov $dPeter 
031A    $d42 $e1 (173) $h20-21 $j1996 
039B    $aIn $8--Abvc--. Mitteilungen aus baltischem Leben. - Darmstadt : Dt.-Baltische Ges., 1961-. - ISSN 0026-6833 $x199600000420001980 $9047862173 
039T    $8--Aar--. Zwischen Reval und St. Petersburg. - Weissenhorn : Konrad, 1993. - 443 Seiten. - Illustrationen. - ISBN 3-87437-351-7 $902681109X 
045F    $a900.94798 $eDDC23BSB 
045F/01 $a900 
045F/03 $g4798 
045T    $a7,44 
045T    $aOST $qDE-12 $2FID 

lok: 39515947 78

exp: 39515947 78 1 #EPN
201B/01 $018-11-16 $t13:55:45.000 
201U/01 $0utf8 
203@/01 $0791463583 
208@/01 $a12-11-16 $be 
209A/01 $a/ $f000 $x00 
220C/01 $aTitelaufnehmer: pk 
220C/01 $aHerkunft: Baltische Bibliographie / P. Kaegbein 
244Z/01 $2Trx $#Estija $#Igaunija $#Estland $#Estonia $#Estonia $#Estónsko $#Estonsko $8--Trx--Eesti $x01 $9391237225 
244Z/01 $2Trx $#arvustused $#recenzijos $#Reviews $#recenziók $#recenzje $#recenzie $#recenze $8--Trx--Rezensionen $x02 $9391357441 
247C/01 $82080>Marburg/Lahn, Herder-Institut, Forschungsbibliothek, Bibliographieportal $9336309341
LEADER 00000caa a22000002c 4500
001 395159474
003 DE-603
005 20260121155703.0
007 tu
008 161112s1996 xx |||| | u00||u|ger c
035 |a (DE-599)HEB395159474 
040 |a DE-603  |b ger  |c DE-603  |d DE-603 
041 |a ger 
082 0 4 |8 1\u  |a 900.94798  |q DE-101  |2 23/BSB 
084 |a 7,44  |2 ssgn 
084 |a OST  |q DE-12  |2 fid 
085 |8 1\u  |b 900 
085 |8 1\u  |z 2  |s 4798 
100 1 |a Krupnikov, Peter 
245 0 0 |a Zwischen Reval und St. Petersburg. - Weissenhorn : Konrad. - 1993 [Rezension] 
264 0 |c 1996 
773 0 8 |i In  |t Mitteilungen aus baltischem Leben  |d Darmstadt : Dt.-Baltische Ges., 1961-  |h 30 cm  |x 0026-6833  |g Band 42, Heft 1 (173) (1996), Seite 20-21  |w (DE-603)047862173  |w (DE-600)557583-7 
787 0 8 |i Rezension von  |t Zwischen Reval und St. Petersburg  |d Weissenhorn : Konrad, 1993  |h 443 Seiten, Illustrationen  |z 3874373517  |w (DE-603)02681109X 
924 0 |9 2080  |a (DE-603)791463583  |b DE-2080  |c HES  |d d  |g /